Dates historiques - partie 2 - Statistiques

Statistiques générales
  • Ce quiz a été pris 166 fois
  • Le résultat moyen est 11 sur 20
Statistiques - réponses
Questions Réponses % Correct
Louis XVI guillotiné 1793
91%
Traité de Versaille 1919
83%
Coup d'Etat de Napoléon Ier 1799
78%
Séparation de l'Eglise et de l'Etat 1905
77%
Bataille de la Somme 1916
77%
Révolution Bolchévique 1917
75%
Début de la guerre de Corée 1950
70%
Opération Barbarossa 1941
68%
Création de l'URSS 1922
66%
Gagarine, premier homme dans l'espace 1961
64%
Tchernobyl 1986
60%
Début de l'affaire Dreyfus 1894
55%
Création de la République fédérale d'Allemagne 1949
49%
Période des 100 jours 1815
44%
Accords de Matignon 1936
35%
Le printemps des peuples 1848
31%
Fin de l'unification italienne 1870
30%
Boston Tea Party 1773
23%
Destruction de Pompei 79
17%
Mort de Saint Louis (Louis IX) 1270
15%
Aucun quiz correspondant
Distribution des résultats
% des personnes avec chaque résultat
Percentile par nombre de réponses
Votre historique - résultats
Vous n’avez pas pris ce quiz